Countries In Which An F1 Race Is Held: 2019 Edition - Statistics

General Stats
  • This quiz has been taken 129 times
    91 since last reset
  • The average score is 19 of 21
Answer Stats
Hint Answer % Correct
Asia japan
99%
North America United States of America
99%
Oceiana australia
97%
North America Canada
97%
Europe France
97%
South America brazil
96%
Asia china
96%
Europe/Asia Russia
96%
Europe Spain
96%
North America mexico
93%
Europe austria
92%
Europe Unitted Kingdom
92%
Europe belgium
90%
Europe Italy
90%
Asia bahrain
89%
Europe Monaco
89%
Asia Singapore
87%
Europe Germany
85%
Europe Hungary
85%
Asia United Arab Emarites
85%
Asia azerbaijan
77%
No matching quizzes found
Score Distribution
Percent of People with Each Score
Percentile by Number Answered
Your Score History
You have not taken this quiz since the last reset